000 00351nam a2200145Ia 4500
008 230917s9999||||xx |||||||||||||| ||und||
040 _e70412
_aMAIN
041 _aEnglish
082 _a339.5 H719C
100 _aHolland, Stuart
245 0 _aCapital versus the regions
260 _aLondon
_bMacmillan
_c1977
300 _aiv, 328 p.
942 _cBK
999 _c194438
_d194438